LEADER 01286nam 2200373Ka 450 001 9910697377603321 005 20080807153457.0 035 $a(CKB)5470000002387154 035 $a(OCoLC)240728646 035 $a(EXLCZ)995470000002387154 100 $a20080807d2007 ua 0 101 0 $aeng 181 $ctxt$2rdacontent 182 $cc$2rdamedia 183 $acr$2rdacarrier 200 10$aDifferences in driver alcohol involvement by age group and vehicle type$b[electronic resource] /$fTimothy M. Pickrell 210 1$aWashington, D.C. :$cNHTSA's National Center for Statistics and Analysis,$d[2007] 215 $a8 pages $cdigital, PDF file 225 1 $aTraffic safety facts. Research note 300 $aTitle from title screen (viewed on Aug. 7, 2008). 300 $a"April 2007." 300 $a"DOT HS 810 754." 606 $aBlood alcohol$vStatistics 606 $aMotor vehicle drivers$zUnited States$vStatistics 608 $aStatistics.$2lcgft 615 0$aBlood alcohol 615 0$aMotor vehicle drivers 700 $aPickrell$b Timothy M$01391597 801 0$bGPO 801 1$bGPO 906 $aBOOK 912 $a9910697377603321 996 $aDifferences in driver alcohol involvement by age group and vehicle type$93548956 997 $aUNINA LEADER 01849cam0-22004931i-450 001 990000306560403321 005 20251222113741.0 035 $aFED01000030656 035 $a(Aleph)000030656FED01 035 $a000030656 100 $a20020821g19111913km-y0itay50------ba 101 0 $aita 102 $aIT 105 $ay---e---001yy 200 1 $aDizionario di merceologia e di chimica applicata alla conoscenza dei prodotti delle cave e miniere, del suolo e dell'industria con speciale riguardo ai prodotti alimentari, chimici e farmaceutici$fper Vittorio Villavecchia$gcon la collaborazione di Guido Fabris, Guido Rossi, Arnaldo Bianchi 205 $a3. ed. completamente riveduta, corretta ed ampliata 210 $aMilano$cHoepli$d1911-1913 215 $a2 v.$d27 cm 610 0 $aMerceologia 676 $a660.068 8$v20$zita 676 $a660$v20$zita 700 1$aVillavecchia,$bVittorio G.$f<1859-1937>$0336162 702 1$aBianchi,$bArnaldo 702 1$aFabris,$bGuido 702 1$aRossi,$bGuido 801 0$aIT$bUNINA$gRICA$2UNIMARC 901 $aBK 912 $a990000306560403321 952 $a80 XXVII 29$b2434/35$fFFABC 952 $a13 AR 11 A 29$b790$fFINBC 952 $a13 AR 11 A 28$b96$fFINBC 952 $a04 084-2/2$bOPV CI 01520$fDINCH 952 $a04 084-2/1$bOPV CI 01520$fDINCH 952 $aA MIC 2860-1$v9928/2024$fFAGBC 952 $aA MIC 2860-2$v9929/2024$fFAGBC 952 $aM 2 V 35 (1$b26476$fNAP14 952 $aM 2 V 35 (2$b26476$fNAP14 959 $aDINCH 959 $aFINBC 959 $aFFABC 959 $aFAGBC 959 $aNAP14 996 $aDizionario di merceologia e di chimica applicata alla conoscenza dei prodotti delle cave e miniere, del suolo e dell'industria con speciale riguardo ai prodotti alimentari, chimici e farmaceutici$94485474 997 $aUNINA